Online
Catalog

El Ché : (Record no. 56473)

MARC details
000 -CABECERA
campo de control de longitud fija 01458nam a2200373 i 4500
003 - IDENTIFICADOR DEL NÚMERO DE CONTROL
campo de control DO-SdBNP
005 - FECHA Y HORA DE LA ÚLTIMA TRANSACCIÓN
campo de control 20260604133012.0
007 - CAMPO FIJO DE DESCRIPCIÓN FÍSICA--INFORMACIÓN GENERAL
campo de control de longitud fija ta
008 - DATOS DE LONGITUD FIJA--INFORMACIÓN GENERAL
campo de control de longitud fija 240422s2007 dr c 000 j spa d
020 ## - NÚMERO INTERNACIONAL ESTÁNDAR DEL LIBRO
Número Internacional Estándar del Libro 9789993462750
040 ## - FUENTE DE LA CATALOGACIÓN
Centro catalogador/agencia de origen DO-SdBNP
Lengua de catalogación spa
Centro/agencia transcriptor BNPHU
Normas de descripción rda
041 ## - CÓDIGO DE LENGUA
Código de lengua del texto/banda sonora o título independiente spa
082 #4 - NÚMERO DE LA CLASIFICACIÓN DECIMAL DEWEY
Número de clasificación 172
Número de documento/Ítem M971
Número de edición 22
100 1# - ENTRADA PRINCIPAL--NOMBRE DE PERSONA
Nombre de persona Muñoz González, Roberto,
Fechas asociadas al nombre 1952 -
Término indicativo de función/relación autor
Código de función/relación aut.
9 (RLIN) 22959
245 13 - MENCIÓN DE TÍTULO
Título El Ché :
Resto del título dimensión ética y humanista /
Mención de responsabilidad, etc. Roberto Muñoz González ; presentación, Ivan Rodríguez ; prólogo, Alfonso Torres Ulloa
264 #4 - PRODUCCIÓN, PUBLICACIÓN, DISTRIBUCIÓN, FABRICACIÓN Y COPYRIGHT
Producción, publicación, distribución, fabricación y copyright Santo Domingo, D.N., Rep. Dominicana :
Nombre del de productor, editor, distribuidor, fabricante Editora Universitaria-UASD,
Fecha de producción, publicación, distribución, fabricación o copyright ©2007.
300 ## - DESCRIPCIÓN FÍSICA
Extensión 159 páginas :
Otras características físicas foto ;
Dimensiones 21 cm.
336 ## - TIPO DE CONTENIDO
Término de tipo de contenido texto
Código de tipo de contenido txt
Fuente rdacontent
337 ## - TIPO DE MEDIO
Nombre/término del tipo de medio sin mediación
Código del tipo de medio n
Fuente rdamedia
338 ## - TIPO DE SOPORTE
Nombre/término del tipo de soporte volumen
Código del tipo de soporte nc
Fuente rdacarrier
490 ## - MENCIÓN DE SERIE
Mención de serie Publicaciones de la Universidad Autónoma de Santo Domingo ;
Designación de volumen o secuencia 1324
490 ## - MENCIÓN DE SERIE
Mención de serie Estudios sociales ;
Designación de volumen o secuencia 24
500 ## - NOTA GENERAL
Nota general Incluye datos biografícos del autor en la contracubierta.
504 ## - NOTA DE BIBLIOGRAFÍA, ETC.
Nota de bibliografía, etc. Bibliografía : páginas 141-155
590 ## - NOTA LOCAL (RLIN)
Nota local Inventariado, 2024/ YL
600 ## - PUNTO DE ACCESO ADICIONAL DE MATERIA--NOMBRE DE PERSONA
Nombre de persona Guevara, Che,
Fechas asociadas al nombre 1928-1967
9 (RLIN) 73110
Subdivisión general Pensamiento político y social
650 #7 - PUNTO DE ACCESO ADICIONAL DE MATERIA--TÉRMINO DE MATERIA
Fuente del encabezamiento o término armarc
Término de materia o nombre geográfico como elemento de entrada Revolucionarios
9 (RLIN) 6063
650 #7 - PUNTO DE ACCESO ADICIONAL DE MATERIA--TÉRMINO DE MATERIA
Fuente del encabezamiento o término armarc
Término de materia o nombre geográfico como elemento de entrada Ética política
9 (RLIN) 1332
650 #7 - PUNTO DE ACCESO ADICIONAL DE MATERIA--TÉRMINO DE MATERIA
Fuente del encabezamiento o término armarc
Término de materia o nombre geográfico como elemento de entrada Humanismo
9 (RLIN) 33685
700 ## - PUNTO DE ACCESO ADICIONAL--NOMBRE DE PERSONA
Nombre de persona Rodríguez, Ivan
9 (RLIN) 58621
Código de función/relación pr.
Término indicativo de función/relación prologuista
700 ## - PUNTO DE ACCESO ADICIONAL--NOMBRE DE PERSONA
Nombre de persona Torres Ulloa, Alfonso,
Término indicativo de función/relación prologuista
Código de función/relación pr.
9 (RLIN) 58620
910 ## - DATOS DE OPCIÓN DEL USUARIO (OCLC)
Datos de opción del usuario YLockward
942 ## - ELEMENTOS DE PUNTO DE ACCESO ADICIONAL (KOHA)
Fuente del sistema de clasificación o colocación Dewey Decimal Classification
Tipo de ítem Koha Libro
Holdings
Estado de retiro Estado de pérdida Fuente del sistema de clasificación o colocación Restricciones de uso No para préstamo Código de colección Localización permanente Ubicación/localización actual Ubicación en estantería Fecha de adquisición Fuente de adquisición Total de préstamos Signatura topográfica completa Código de barras Fecha visto por última vez Precio válido a partir de Tipo de ítem Koha Nota pública Número de copia
    Dewey Decimal Classification Excluido de préstamo   Patrimonio Dominicano Biblioteca Nacional Pedro Henríquez Ureña Biblioteca Nacional Pedro Henríquez Ureña En catalogación 01.03.2023 Donado por la Presidencia de la República Dominicana 2023.   BNPHU PD M971 2024-2409 22.04.2024 22.04.2024 Libro Perteneció a la biblioteca personal de Emilio Cordero Michel.  
    Dewey Decimal Classification Excluido de préstamo   Patrimonio Dominicano Biblioteca Nacional Pedro Henríquez Ureña Biblioteca Nacional Pedro Henríquez Ureña En catalogación 30.10.2024 Donado por la Presidencia de la República Dominicana 2023.   BNPHU PD 172 M971c 2024-6283 30.10.2024 30.10.2024 Libro Perteneció a la biblioteca personal de Emilio Cordero Michel. e.2
    Dewey Decimal Classification Préstamo en sala   Dominicana de Servicio Biblioteca Nacional Pedro Henríquez Ureña Biblioteca Nacional Pedro Henríquez Ureña En catalogación 04.03.2026 Depósito Legal   BNPHU DS M971 2026-1727 04.03.2026 04.03.2026 Libro   e.3

Powered by Koha